000 00332nam a2200145Ia 4500
008 150301s2015 xx 000 0 und d
082 _a574
_bP15S
100 _aSARDANA, S
245 _aTEXBOOK OF PHARMACEUTICAL BIOLOGY
250 _a5TH
260 _bBIRLA PUBLISHER
300 _a260
650 _aBIOLOGY
942 _2ddc
_cBK
_08
999 _c7057
_d7057